[Event "POHÁR města Říčany 2022"]
[Site "Městské kulturní středisko U labutě"]
[Date "2022.08.27"]
[Round "1.1"]
[White "Vojta, Jakub"]
[Black "Svetly, Jiri"]
[Result "1-0"]
[WhiteElo "2313"]
[BlackElo "1825"]
[PlyCount "0"]
[EventDate "2022.08.27"]

1. c4 d6 2. g3 e5 3. Bg2 Nf6 4. Nc3 Nc6 5. d3 Be7 6. Rb1 a5 7. e4 O-O 8. Nge2
Bd7 9. O-O Qc8 10. f4 Bh3 11. f5 Bxg2 12. Kxg2 h6 13. h3 Kh7 14. Be3 Ng8 15. Qd2
Bf6 16. Nd5 Nce7 17. g4 Nxd5 18. cxd5 c6 19. dxc6 bxc6 20. h4 d5 21. g5 Be7
22. Ng3 d4 23. Bf2 Qd8 24. Rh1 a4 25. Rbc1 Qb6 26. f6 Bb4 27. Qc2 a3 28. fxg7
Kxg7 29. Nf5+ Kh7 30. b3 c5 31. Bg3 Rfe8 32. Rcf1 Qg6 33. Nxh6 Nxh6 34. Rf6 Qg7
35. Rxh6+ Kg8 36. Rf1 Re6 37. Rxe6 fxe6 1-0

[Event "POHÁR města Říčany 2022"]
[Site "Městské kulturní středisko U labutě"]
[Date "2022.08.27"]
[Round "1.2"]
[White "Koper, Stefan"]
[Black "Novotny, Michal"]
[Result "0-1"]
[WhiteElo "1823"]
[BlackElo "2241"]
[PlyCount "0"]
[EventDate "2022.08.27"]

1. d4 Nf6 2. c4 c5 3. d5 b5 4. cxb5 a6 5. b6 e6 6. Nc3 Nxd5 7. Nxd5 exd5
8. Qxd5 Nc6 9. Nf3 Rb8 10. Ne5 Qf6 11. Nxc6 dxc6 12. Qb3 Bd6 13. Bd2 O-O 14. Bc3
Be5 15. e3 Be6 16. Qa3 Rxb6 17. Rc1 Bd5 18. Bxe5 Qxe5 19. b3 Rb4 20. Rxc5 Rfb8
21. Qc1 Rh4 22. g3 Qe4 23. Rxd5 Qxd5 24. Rg1 Rxh2 25. Bc4 Qa5+ 26. Kf1 Qxa2
27. Rg2 Rh6 28. Kg1 Rd8 29. f4 Qa5 30. Re2 Rhd6 31. Qc2 Rd1+ 32. Kf2 Qh5 33. Qe4
Qh2+ 34. Qg2 Qxg2+ 35. Kxg2 a5 36. Kf3 R8d2 0-1

[Event "POHÁR města Říčany 2022"]
[Site "Městské kulturní středisko U labutě"]
[Date "2022.08.27"]
[Round "1.3"]
[White "Horak, Martin"]
[Black "Pressler, Tobias"]
[Result "1-0"]
[WhiteElo "2238"]
[BlackElo "1821"]
[PlyCount "0"]
[EventDate "2022.08.27"]

1. d4 d5 2. c4 Nc6 3. Nf3 Bg4 4. e3 e6 5. Qb3 dxc4 6. Bxc4 Rb8 7. d5 exd5
8. Bxd5 Qd7 9. O-O Nf6 10. Bxc6 Qxc6 11. Ne5 Qe6 12. Qa4+ c6 13. Nxg4 Qxg4
14. Qxa7 Bd6 15. Qd4 Qe6 16. Nd2 O-O 17. Qc4 Qe7 18. Nf3 Rfc8 19. b3 b5 20. Qh4
Be5 21. Rb1 c5 22. Nxe5 Qxe5 23. Bb2 Qe6 24. Qg3 Ra8 25. a3 c4 26. bxc4 bxc4
27. Rbc1 g6 28. Qe5 Qxe5 29. Bxe5 Ne4 30. f3 Nd2 31. Rfd1 1-0

[Event "POHÁR města Říčany 2022"]
[Site "Městské kulturní středisko U labutě"]
[Date "2022.08.27"]
[Round "1.4"]
[White "Strnad, Michael"]
[Black "Petr, Jakub"]
[Result "0-1"]
[WhiteElo "1818"]
[BlackElo "2220"]
[PlyCount "1-0"]
[EventDate "2022.08.27"]

1. d4 Nf6 2. Nf3 g6 3. Nc3 d5 4. Bf4 Bg7 5. Qd2 O-O 6. O-O-O c6 7. Bh6 b5
8. Bxg7 Kxg7 9. e3 Qa5 10. Kb1 b4 11. Ne2 Nbd7 12. Ng3 Rb8 13. h4 h5 14. Ne5
Nxe5 15. dxe5 Ne4 16. Nxe4 dxe4 17. Qd4 Bf5 18. e6+ Kg8 19. Qc4 Bxe6 20. Qa6
Bxa2+ 21. Kc1 Qxa6 22. Bxa6 Bd5 23. Rd4 e5 24. Rd2 Kg7 25. Rhd1 Kf6 26. b3 Ke6
27. Kb2 f5 28. Re2 Rfd8 29. Red2 Ke7 30. Kc1 Be6 31. Rxd8 Rxd8 32. Rxd8 Kxd8
33. Kb2 Kc7 34. Be2 Kb6 35. Bf1 a5 36. Be2 Bf7 37. Bf1 a4 38. bxa4 Ka5 39. Be2
Kxa4 40. c3 c5 41. cxb4 Kxb4 0-1

[Event "POHÁR města Říčany 2022"]
[Site "Městské kulturní středisko U labutě"]
[Date "2022.08.27"]
[Round "1.5"]
[White "Taborsky, Rostislav"]
[Black "Havelka, Petr"]
[Result "0-1"]
[WhiteElo "2192"]
[BlackElo "1817"]
[PlyCount "0-1"]
[EventDate "2022.08.27"]

1. d4 d5 2. c4 e6 3. Nf3 Nf6 4. g3 Bb4+ 5. Bd2 Bxd2+ 6. Nbxd2 O-O 7. Bg2 Nbd7
8. O-O c6 9. Qc2 Re8 10. e4 Nxe4 11. Nxe4 dxe4 12. Qxe4 Nf6 13. Qe2 Qc7 14. Ne5
Bd7 15. b4 Rad8 16. Rfd1 Bc8 17. Rab1 Nd7 18. c5 Nf6 19. Nc4 Re7 20. Qe5 Ne8
21. f4 Red7 22. Bf3 Qxe5 23. dxe5 Rxd1+ 24. Rxd1 Rxd1+ 25. Bxd1 Kf8 26. Kf2 Ke7
27. Ke3 Kd7 28. Bc2 f5 29. exf6 Nxf6 30. Kd4 h6 31. Bd1 Kc7 32. Bf3 b6 33. Nd6
Bd7 34. a3 Nd5 35. h4 0-1

[Event "POHÁR města Říčany 2022"]
[Site "Městské kulturní středisko U labutě"]
[Date "2022.08.27"]
[Round "1.6"]
[White "Bednar, Milos"]
[Black "Matras, Ondrej"]
[Result "0-1"]
[WhiteElo "1798"]
[BlackElo "2184"]
[PlyCount "0-1"]
[EventDate "2022.08.27"]

1. e4 e6 2. d4 d5 3. e5 c5 4. c3 Nc6 5. Nf3 Qb6 6. Bd3 cxd4 7. O-O Bd7 8. Re1
Rc8 9. Nbd2 dxc3 10. bxc3 Bc5 11. Rb1 Qc7 12. Nb3 Be7 13. Bf4 h6 14. Qd2 Ba3
15. Red1 Nge7 16. Nbd4 Nxd4 17. Nxd4 a6 18. Rb3 Bc5 19. Rdb1 b5 20. a4 bxa4
21. Rb7 Qa5 22. Qb2 a3 23. Qa1 a2 24. R1b3 Nc6 25. Nxc6 Bxc6 26. Rb8 O-O
27. Rxc8 Rxc8 28. Rb2 Qxc3 29. Bxa6 Bd4 30. Qxa2 Qe1+ 0-1

[Event "POHÁR města Říčany 2022"]
[Site "Městské kulturní středisko U labutě"]
[Date "2022.08.27"]
[Round "1.7"]
[White "Sedy, Pavel"]
[Black "Kovar, Jan"]
[Result "1-0"]
[WhiteElo "2177"]
[BlackElo "1798"]
[PlyCount "0"]
[EventDate "2022.08.27"]

1. e4 e6 2. Nc3 d5 3. Nf3 Nf6 4. e5 Nfd7 5. d4 c5 6. dxc5 Bxc5 7. Bd3 Nc6
8. Bf4 f6 9. exf6 Nxf6 10. O-O O-O 11. Qe2 Bd7 12. Rad1 Qe7 13. a3 Ne4 14. Nxe4
Rxf4 15. Nxc5 Qxc5 16. Ng5 Nd4 17. Bxh7+ Kf8 18. Qe3 Ke7 19. c3 1-0

[Event "POHÁR města Říčany 2022"]
[Site "Městské kulturní středisko U labutě"]
[Date "2022.08.27"]
[Round "1.8"]
[White "Meca, Viktor"]
[Black "Jun, Rudolf"]
[Result "0-1"]
[WhiteElo "1796"]
[BlackElo "2165"]
[PlyCount "0"]
[EventDate "2022.08.27"]

1. e4 c5 2. Nf3 Nc6 3. d4 cxd4 4. Nxd4 Nf6 5. Nc3 e5 6. Ndb5 d6 7. Bg5 a6
8. Na3 b5 9. Bxf6 gxf6 10. Nd5 f5 11. c3 Bg7 12. exf5 Bxf5 13. Nc2 O-O 14. Nce3
Be6 15. g3 f5 16. Bg2 Rc8 17. O-O f4 18. Nc2 Ne7 19. Ncb4 a5 20. Nxe7+ Qxe7
21. Nd5 Qf7 22. Be4 Rc5 23. b4 Rxd5 24. Bxd5 Bxd5 25. h3 fxg3 26. fxg3 Qa7+
27. Kh2 Rf2+ 0-1

[Event "POHÁR města Říčany 2022"]
[Site "Městské kulturní středisko U labutě"]
[Date "2022.08.27"]
[Round "1.9"]
[White "Horak, Jan"]
[Black "Kalveus, Jan"]
[Result "1-0"]
[WhiteElo "2155"]
[BlackElo "1790"]
[PlyCount "0"]
[EventDate "2022.08.27"]

1. e4 e6 2. d3 b6 3. g3 Bb7 4. Bg2 d5 5. Nd2 Nd7 6. Qe2 Be7 7. Ngf3 Ngf6 8. e5
Ng8 9. O-O Nh6 10. Re1 c5 11. c4 Nf5 12. g4 Nh4 13. Nxh4 Bxh4 14. cxd5 Bxd5
15. Bxd5 exd5 16. e6 fxe6 17. Qxe6+ Qe7 18. Nf3 Qxe6 19. Rxe6+ Kf7 20. Rd6 Ke7
21. Rxd5 Bf6 22. g5 Ke6 23. Rxd7 Kxd7 24. gxf6 gxf6 25. Be3 Ke6 26. Rc1 Kd5
27. Kf1 Rhg8 28. Rc4 Rac8 29. Rh4 Rg7 30. Nd2 f5 31. h3 b5 32. Nf3 a5 33. a4 Rb8
34. Nd2 bxa4 35. Rxa4 Rxb2 36. Rxa5 Rc2 37. Nb3 Rc7 38. Kg2 Rc3 39. Nxc5 Kc6
40. Ne6 Re7 41. Nd4+ Kb7 42. Nxf5 Rd7 43. Ra7+ 1-0

[Event "POHÁR města Říčany 2022"]
[Site "Městské kulturní středisko U labutě"]
[Date "2022.08.27"]
[Round "1.10"]
[White "Pavlicek, Petr"]
[Black "Yagiz, Bora"]
[Result "1/2-1/2"]
[WhiteElo "1781"]
[BlackElo "2154"]
[PlyCount "0"]
[EventDate "2022.08.27"]

1. c4 e5 2. Nc3 Nf6 3. Nf3 Nc6 4. g3 Bc5 5. Nxe5 Bxf2+ 6. Kxf2 Nxe5 7. e4 d6
8. d4 Nc6 9. h3 O-O 10. Be2 Re8 11. Bf3 Ne7 12. Kg2 c6 13. Rf1 Qd7 14. Rh1 h6
15. b3 Rb8 16. Bb2 b5 17. cxb5 cxb5 18. Qd3 a6 19. Rac1 Ng6 20. Nd1 d5 21. e5
Ne4 22. Ne3 f5 23. exf6 Qd6 24. Nf1 Qxg3+ 25. Nxg3 Nf4+ 26. Kh2 Nxd3 27. Rc7
Nxf6 28. Bc1 Ne4 29. Nh5 Rb7 30. Rxb7 Bxb7 31. Rg1 Nxc1 32. Rxg7+ Kf8 33. Rxb7
Ng5 34. Bg4 Nxa2 35. Nf6 Re7 36. Rxe7 Kxe7 37. Ng8+ Kd6 38. Nxh6 Nc1 39. Nf5+
Kc6 40. Ne7+ Kd6 41. Nf5+ Kc7 42. Bd1 a5 43. h4 Ne4 44. h5 Nf6 45. h6 Nd3
46. Kg3 Kd7 47. Be2 Nc1 48. Bxb5+ Ke6 49. Ng7+ Kf7 50. Kf4 Nxb3 51. Ke5 Nd2
52. Nf5 Kg6 53. Ne7+ Kf7 54. Nxd5 Nf3+ 55. Kd6 Nxd4 56. Bc4 Ne4+ 57. Ke5 1/2-1/2

[Event "POHÁR města Říčany 2022"]
[Site "Městské kulturní středisko U labutě"]
[Date "2022.08.27"]
[Round "1.11"]
[White "Ocelak, Jakub"]
[Black "Siles, Jan"]
[Result "1/2-1/2"]
[WhiteElo "2149"]
[BlackElo "1780"]
[PlyCount "0"]
[EventDate "2022.08.27"]

1. Nc3 Nf6 2. d4 d5 3. Bf4 e6 4. Nb5 Bd6 5. Nxd6+ cxd6 6. c3 Nc6 7. Nf3 O-O
8. e3 Re8 9. Bb5 Qb6 10. Qb3 Bd7 11. Be2 Qxb3 12. axb3 e5 13. Bg3 Bg4 14. Bb5
Nd7 15. h3 Bf5 16. O-O f6 17. Ra3 a6 18. Rfa1 Rac8 19. Bf1 Nb6 20. Nd2 Be6
21. f3 Rc7 22. b4 Rec8 23. b5 axb5 24. Bxb5 Kf7 25. Bf2 f5 26. dxe5 Nxe5 27. Nb3
Nbc4 28. R3a2 Nd2 29. Rd1 f4 30. exf4 1/2-1/2

[Event "POHÁR města Říčany 2022"]
[Site "Městské kulturní středisko U labutě"]
[Date "2022.08.27"]
[Round "1.12"]
[White "Konvalinka, Vladislav"]
[Black "Dudek, Vojtech"]
[Result "0-1"]
[WhiteElo "1764"]
[BlackElo "2144"]
[PlyCount "0-1"]
[EventDate "2022.08.27"]

1. d4 Nf6 2. c4 c5 3. Nf3 cxd4 4. Qxd4 Nc6 5. Qd3 e5 6. Qc2 d5 7. cxd5 Nxd5
8. a3 Be7 9. e4 Nc7 10. Be2 O-O 11. O-O Ne6 12. Nc3 Ned4 13. Nxd4 Nxd4 14. Qd3
Be6 15. Qg3 Nxe2+ 16. Nxe2 Kh8 17. Be3 Qa5 18. Nc3 Bb3 19. Nb1 Bc4 20. Rc1 Rac8
21. Nd2 Be6 22. Nf3 f5 23. Ne1 Qb5 24. b4 a5 25. Bd2 axb4 26. axb4 Qe2 27. Qe3
Qxe3 28. fxe3 Bd7 29. Nd3 Bc6 30. Nf2 fxe4 0-1

[Event "POHÁR města Říčany 2022"]
[Site "Městské kulturní středisko U labutě"]
[Date "2022.08.27"]
[Round "1.13"]
[White "Soural, Jan"]
[Black "Cabart, Pavel"]
[Result "1-0"]
[WhiteElo "2144"]
[BlackElo "1757"]
[PlyCount "0"]
[EventDate "2022.08.27"]

1. d4 Nf6 2. c4 e5 3. dxe5 Ng4 4. e4 h5 5. h3 Nxe5 6. Be3 Nbc6 7. Nc3 Bb4
8. Qc2 d6 9. O-O-O Be6 10. Nd5 Bxd5 11. cxd5 1-0

[Event "POHÁR města Říčany 2022"]
[Site "Městské kulturní středisko U labutě"]
[Date "2022.08.27"]
[Round "1.14"]
[White "Kubice, Jakub"]
[Black "Skypala, Ondrej"]
[Result "0-1"]
[WhiteElo "1750"]
[BlackElo "2140"]
[PlyCount "0"]
[EventDate "2022.08.27"]

1. d4 Nf6 2. Nf3 e6 3. g3 b6 4. Bg2 Bb7 5. O-O Be7 6. b3 O-O 7. Bb2 d6 8. c4
Nbd7 9. Nc3 Ne4 10. d5 Bf6 11. Nd4 Nxc3 12. Bxc3 Bxd4 13. Qxd4 e5 14. Qd3 f5
15. e4 f4 16. g4 h5 17. h3 hxg4 18. hxg4 Kf7 19. f3 Rh8 20. Kf2 Rh2 21. Rg1 Qh4+
22. Kf1 Nf6 23. Be1 Qg5 24. Bf2 a5 25. a4 Bc8 26. Ke2 Bd7 27. Rae1 Rah8 28. Ref1
Qg6 29. Re1 Nh7 30. Ref1 Ng5 31. Re1 Bxg4 32. fxg4 Rxg2 33. Rxg2 f3+ 34. Qxf3+
Nxf3 35. Kxf3 Qf6+ 36. Ke2 Qf4 37. Be3 Qxe4 38. Rf2+ Ke8 39. Ref1 Rh3 0-1

[Event "POHÁR města Říčany 2022"]
[Site "Městské kulturní středisko U labutě"]
[Date "2022.08.27"]
[Round "1.15"]
[White "Vetrovsky, Michal"]
[Black "Mach, Jan"]
[Result "1-0"]
[WhiteElo "2122"]
[BlackElo "1737"]
[PlyCount "0"]
[EventDate "2022.08.27"]

1. Nf3 Nf6 2. g3 g6 3. b3 b6 4. Bg2 Bb7 5. Bb2 Bg7 6. O-O O-O 7. c4 e6 8. Nc3
d6 9. d4 Re8 10. Qc2 c5 11. Rad1 cxd4 12. Nxd4 Bxg2 13. Kxg2 a6 14. Nf3 Qc7
15. Rd2 Nc6 16. Rfd1 Red8 17. Ba3 Bf8 18. Nd5 exd5 19. cxd5 Rac8 20. dxc6 Qxc6
21. Qxc6 Rxc6 22. Nd4 Rc7 23. f3 d5 24. Bxf8 Kxf8 25. Rc2 Rdc8 26. Rdc1 Rxc2
27. Rxc2 Rxc2 28. Nxc2 Ke7 29. Kf2 Kd6 30. Ke3 h6 31. Kd4 {[%xcpdma 1]} 31... a5
32. Ne3 Ke6 33. g4 g5 34. Nf5 Ng8 35. a4 f6 36. h3 Ne7 37. Nxe7 Kxe7 38. Kxd5 1-0

[Event "POHÁR města Říčany 2022"]
[Site "Městské kulturní středisko U labutě"]
[Date "2022.08.27"]
[Round "1.16"]
[White "Chmelik, Ladislav"]
[Black "Rut, Vojtech"]
[Result "0-1"]
[WhiteElo "1734"]
[BlackElo "2111"]
[PlyCount "0"]
[EventDate "2022.08.27"]

1. d4 f5 2. c4 Nf6 3. Nc3 e6 4. Nf3 Bb4 5. a3 Bxc3+ 6. bxc3 O-O 7. Bg5 h6
8. Bxf6 Qxf6 9. Qc2 b6 10. e4 Bb7 11. Bd3 Qg6 12. exf5 Qxg2 13. Rg1 Qxf3
14. fxe6 dxe6 15. Rb1 Nd7 16. Rg3 Qh1+ 17. Ke2 Rxf2+ 18. Ke3 Rxc2 19. Rxh1 Bxh1
0-1

[Event "POHÁR města Říčany 2022"]
[Site "Městské kulturní středisko U labutě"]
[Date "2022.08.27"]
[Round "1.17"]
[White "Novak, Jindrich"]
[Black "Zemen, Pavel"]
[Result "1-0"]
[WhiteElo "2093"]
[BlackElo "1731"]
[PlyCount "0"]
[EventDate "2022.08.27"]

1. d4 Nf6 2. Nf3 g6 3. Bg5 Bg7 4. h4 h5 5. Nbd2 d6 6. e4 Bg4 7. Be2 Nbd7 8. e5
Nh7 9. Bf4 Nb6 10. c3 Qd7 11. a4 a5 12. O-O Nf8 13. Bb5 c6 14. Be2 Ne6 15. Bg3
Bh6 16. Re1 O-O 17. Qb3 Nd5 18. Bc4 Ndc7 19. exd6 exd6 20. Ne4 Bg7 21. Nfd2 1-0

[Event "POHÁR města Říčany 2022"]
[Site "Městské kulturní středisko U labutě"]
[Date "2022.08.27"]
[Round "1.18"]
[White "Pejrimovsky, Tadeas Rubel"]
[Black "Placer, Sebastian"]
[Result "0-1"]
[WhiteElo "1716"]
[BlackElo "2090"]
[PlyCount "0"]
[EventDate "2022.08.27"]

1. e4 e6 2. Nf3 d5 3. e5 c5 4. b4 cxb4 5. d4 Nc6 6. a3 Qa5 7. Bd2 Qb6 8. Bc1 f6
9. exf6 Nxf6 10. axb4 Bxb4+ 11. c3 Bd6 12. Bd3 O-O 13. O-O e5 14. dxe5 Nxe5
15. Nxe5 Bxe5 16. h3 a6 17. Qe2 Bd7 18. Be3 Qc7 19. f4 Bd6 20. g4 Rae8 21. Qd2
Rxe3 22. Kg2 Rxd3 23. Qxd3 Bb5 24. Qf3 Bxf1+ 25. Qxf1 Bxf4 26. Qd3 Qe5 27. Nd2
Bxd2 28. Qxd2 0-1

[Event "POHÁR města Říčany 2022"]
[Site "Městské kulturní středisko U labutě"]
[Date "2022.08.27"]
[Round "1.19"]
[White "Novotny, Martin"]
[Black "Hosova, Sandra"]
[Result "1-0"]
[WhiteElo "2064"]
[BlackElo "1708"]
[PlyCount "0"]
[EventDate "2022.08.27"]

1. d4 d5 2. c4 c6 3. Nf3 Nf6 4. Nbd2 e6 5. e3 Nbd7 6. Bd3 dxc4 7. Nxc4 b5
8. Nce5 Bb7 9. O-O Bd6 10. b3 Bxe5 11. dxe5 Ng4 12. Bb2 Qc7 13. Rc1 a6 14. Be4
O-O 15. Bxh7+ Kh8 16. Be4 Rad8 17. Qe2 c5 18. Bxb7 Qxb7 19. Ng5 Nh6 20. Qc2 g6
21. Qe4 Qc7 22. Qf4 Kg7 23. Ne4 Rh8 24. Nd6 Rh7 25. Rfd1 Rdh8 26. e4 Qd8 27. Rd3
Qe7 28. Rcd1 Nb6 29. Qf6+ Kf8 30. Nc8 1-0

[Event "POHÁR města Říčany 2022"]
[Site "Městské kulturní středisko U labutě"]
[Date "2022.08.27"]
[Round "1.20"]
[White "Horyna, Josef"]
[Black "Simecek, Bohumil"]
[Result "1/2-1/2"]
[WhiteElo "1694"]
[BlackElo "2051"]
[PlyCount "1/2-1/2"]
[EventDate "2022.08.27"]

1. d4 d5 2. Nf3 Nf6 3. g3 c6 4. Bg2 Bf5 5. O-O e6 6. c4 h6 7. Nc3 Bd6 8. b3
Nbd7 9. Bb2 O-O 10. e3 Qe7 11. c5 Bc7 12. b4 Ne4 13. Nd2 Nxc3 14. Bxc3 Nf6
15. a4 Bg4 16. Qc1 e5 17. h3 Bf5 18. dxe5 Bxe5 19. Bxe5 Qxe5 20. Nf3 Qc7 21. Nd4
Be4 22. Qd2 Bxg2 23. Kxg2 Ne4 24. Qc2 Rfe8 25. Rac1 Re5 26. f4 Re7 27. Rf3 Rae8
28. Nf5 Re6 29. Nd4 R6e7 30. Nf5 Re6 31. Nd4 R6e7 1/2-1/2

[Event "POHÁR města Říčany 2022"]
[Site "Městské kulturní středisko U labutě"]
[Date "2022.08.27"]
[Round "1.21"]
[White "Rousek, Jan"]
[Black "Feierfeil, Jiri"]
[Result "1-0"]
[WhiteElo "2040"]
[BlackElo "1684"]
[PlyCount "0"]
[EventDate "2022.08.27"]

1. d4 Nf6 2. c4 g6 3. g3 Bg7 4. Bg2 d5 5. Nc3 c6 6. cxd5 cxd5 7. Nf3 O-O 8. O-O
Nc6 9. Ne5 e6 10. Nxc6 bxc6 11. Bf4 Nd7 12. Na4 e5 13. dxe5 Bxe5 14. Bxe5 Nxe5
15. Rc1 Qd6 16. Qd4 Nd7 17. e4 Bb7 18. Rfd1 Rfc8 19. Nc5 Nxc5 20. Rxc5 a6 21. b4
Rd8 22. exd5 Rd7 23. dxc6 Qxd4 24. Rxd4 Rxd4 25. cxb7 Rb8 26. Rc8+ Rd8 27. Rxd8+
Rxd8 28. Bc6 Kf8 29. Bd7 Rb8 30. Bc8 Ke7 31. Kf1 Kd6 32. Ke2 Kc6 33. a4 Kb6
34. Kd3 a5 35. bxa5+ Kxa5 36. Kd4 Kxa4 37. Ke5 f5 38. Kf6 Kb5 39. Kg7 1-0

[Event "POHÁR města Říčany 2022"]
[Site "Městské kulturní středisko U labutě"]
[Date "2022.08.27"]
[Round "1.22"]
[White "Rerabek, Jaroslav"]
[Black "Bezdek, Tomas"]
[Result "1/2-1/2"]
[WhiteElo "1673"]
[BlackElo "2034"]
[PlyCount "0"]

1. e4 c5 2. Nf3 Nc6 3. c3 d5 4. exd5 Qxd5 5. d4 Bf5 6. Qb3 Qxb3 7. axb3 e6
8. Bb5 Bd6 9. Be3 Bxb1 10. Rxb1 cxd4 11. Nxd4 Ne7 12. Nxc6 bxc6 13. Ba6 O-O
14. O-O Nf5 15. Rfe1 Rab8 16. b4 Nxe3 17. Rxe3 Rfd8 18. Ree1 c5 19. b5 Rd7
20. Red1 Rbd8 21. g3 Bc7 22. Rxd7 Rxd7 23. Kf1 Bb6 24. Ke2 Rd5 25. Rd1 Re5+
26. Kf1 c4 27. Re1 Rd5 28. Re4 Rd2 29. Re2 Rd3 30. Re4 Rf3 31. Re2 Kf8 32. Bb7
Rf5 33. Bc6 Ke7 34. f3 Kd6 35. f4 f6 36. Be4 Rh5 37. Bc6 a6 38. Be8 Rd5 39. bxa6
Rd1+ 40. Re1 1/2-1/2

[Event "POHÁR města Říčany 2022"]
[Site "Městské kulturní středisko U labutě"]
[Date "2022.08.27"]
[Round "1.23"]
[White "Steiner, Juraj"]
[Black "Hampl, David"]
[Result "0-1"]
[WhiteElo "2005"]
[BlackElo "1639"]
[PlyCount "0"]
[EventDate "2022.08.27"]

1. d4 Nf6 2. c4 g6 3. Nc3 d5 4. Nf3 Bg7 5. Bg5 Ne4 6. Bh4 Nxc3 7. bxc3 O-O
8. e3 c5 9. cxd5 cxd4 10. exd4 Qxd5 11. Be2 Nc6 12. O-O Bf5 13. Qb3 Qd7 14. Rad1
Rac8 15. Qa3 Rfe8 16. Bg3 a6 17. d5 Na7 18. c4 e5 19. Qe3 e4 20. Nd2 b5 21. d6
Be5 22. Nb3 Bxg3 23. fxg3 Rf8 24. Qf4 Nc6 25. Rd5 0-1

[Event "POHÁR města Říčany 2022"]
[Site "Městské kulturní středisko U labutě"]
[Date "2022.08.27"]
[Round "1.24"]
[White "Pejrimovska, Viola Ruby"]
[Black "Hejsek, Lukas"]
[Result "0-1"]
[WhiteElo "1626"]
[BlackElo "1994"]
[PlyCount "0"]
[EventDate "2022.08.27"]

1. e4 c5 2. b4 cxb4 3. a3 e6 4. axb4 Bxb4 5. c3 Be7 6. d4 d6 7. f4 Nf6 8. Bd3
O-O 9. Nf3 a5 10. O-O b6 11. Ng5 g6 12. e5 Ne8 13. Qg4 Bxg5 14. fxg5 Ba6
15. Bxa6 Nxa6 16. exd6 Nxd6 17. Bf4 Nc7 18. Be5 Nd5 19. Nd2 Ne3 20. Qh3 Nxf1
21. Bf6 Nxd2 22. Bxd8 Rfxd8 23. g4 a4 24. Qg3 a3 25. Ra2 N6e4 26. Qg2 b5 27. h4
Rdc8 28. h5 Rxc3 29. Kh1 Rh3+ 30. Qxh3 Nf2+ 31. Kg2 Nxh3 32. Kxh3 b4 0-1

[Event "POHÁR města Říčany 2022"]
[Site "Městské kulturní středisko U labutě"]
[Date "2022.08.27"]
[Round "1.25"]
[White "Elias, Jakub"]
[Black "Pisar, Tomas"]
[Result "1/2-1/2"]
[WhiteElo "1982"]
[BlackElo "1624"]
[PlyCount "0"]
[EventDate "2022.08.27"]

1. e4 e5 2. Nf3 Nc6 3. Bb5 Nf6 4. O-O Nxe4 5. Re1 Nd6 6. Nxe5 Nxe5 7. Rxe5+ Be7
8. Bf1 O-O 9. d4 Bf6 10. Re1 Nf5 11. d5 d6 12. c4 Re8 13. Rxe8+ Qxe8 14. Nc3 Nh4
15. Bf4 Ng6 16. Bg3 Bf5 17. Qd2 a5 18. Re1 Qd7 19. b3 Bxc3 20. Qxc3 b6 21. a3
Re8 22. f3 Rxe1 23. Qxe1 Qe7 24. Qc3 Nf8 25. b4 axb4 26. axb4 Nd7 27. Bf2 f6
28. Bd4 Kf7 29. Kf2 Ne5 30. Be2 Bc8 31. Qc2 1/2-1/2

[Event "POHÁR města Říčany 2022"]
[Site "Městské kulturní středisko U labutě"]
[Date "2022.08.27"]
[Round "1.26"]
[White "Davidek, Zdenek"]
[Black "Plasil, Petr"]
[Result "1/2-1/2"]
[WhiteElo "1621"]
[BlackElo "1963"]
[PlyCount "0"]
[EventDate "2022.08.27"]

1. e4 c5 2. Nf3 Nc6 3. Bb5 e6 4. Bxc6 bxc6 5. d3 d5 6. c4 Nf6 7. Qe2 Be7 8. O-O
O-O 9. Nc3 Re8 10. b3 Nd7 11. e5 Qa5 12. Na4 Nb6 13. Bd2 Qa6 14. Nc3 Qb7 15. Ng5
h6 16. Nh3 a5 17. Qg4 Kh7 18. Nf4 Rg8 19. Nh5 a4 20. f4 axb3 21. axb3 Rxa1
22. Rxa1 Nd7 23. Rb1 f6 24. cxd5 cxd5 25. Qxe6 Nxe5 26. Qxd5 Nc6 27. Qf7 Qa7
28. Nd5 Kh8 29. Nxe7 Qxe7 30. Qxe7 Nxe7 31. Be3 Nd5 32. Bxc5 Bf5 33. Ng3 Bxd3
34. Rd1 Nxf4 35. Be3 Ne2+ 36. Kf2 Nxg3 37. Rxd3 Nf5 38. Bc5 Ra8 39. Rd2 Kg8
40. b4 Rb8 41. Ke2 Rb7 1/2-1/2

[Event "POHÁR města Říčany 2022"]
[Site "Městské kulturní středisko U labutě"]
[Date "2022.08.27"]
[Round "1.27"]
[White "Krizek, Krystof"]
[Black "Hampel, Rudolf"]
[Result "1-0"]
[WhiteElo "1961"]
[BlackElo "1597"]
[EventDate "2022.08.27"]

1. e4 c5 2. Nf3 d6 3. d4 cxd4 4. Nxd4 Nf6 5. Nc3 a6 6. h4 e6 7. g4 Nc6 8. g5
Nd7 9. Be3 Be7 10. Qd2 Nxd4 11. Qxd4 e5 12. Qd2 Nb6 13. O-O-O Be6 14. f4 Nc4
15. Bxc4 Bxc4 16. f5 f6 17. Nd5 Bxd5 18. Qxd5 fxg5 19. Rdg1 Qc7 20. Rxg5 Rc8
21. c3 Qc6 22. Qe6 Qd7 23. Rxg7 1-0

[Event "POHÁR města Říčany 2022"]
[Site "Městské kulturní středisko U labutě"]
[Date "2022.08.27"]
[Round "1.28"]
[White "Bara, Jan"]
[Black "Seidl, Jan"]
[Result "0-1"]
[WhiteElo "1592"]
[BlackElo "1949"]
[PlyCount "0"]
[EventDate "2022.08.27"]

1. c4 c5 2. Nc3 Nc6 3. g3 Nf6 4. Bg2 e6 5. d3 Be7 6. Nf3 d5 7. cxd5 exd5 8. O-O
d4 9. Nb5 a6 10. Na3 Be6 11. Bg5 Nd5 12. Bxe7 Qxe7 13. Nc4 b5 14. Nce5 Nxe5
15. Nxe5 Qd6 16. Nf3 O-O 17. Rc1 Rac8 18. Ng5 Rfd8 19. e4 dxe3 20. fxe3 h6
21. Ne4 Qb6 22. Qf3 Nb4 23. g4 Nxd3 24. g5 hxg5 25. Nxg5 Nxc1 26. Qh5 0-1

[Event "POHÁR města Říčany 2022"]
[Site "Městské kulturní středisko U labutě"]
[Date "2022.08.27"]
[Round "1.29"]
[White "Horinek, Karel"]
[Black "Strnadova, Monika"]
[Result "1-0"]
[WhiteElo "1946"]
[BlackElo "1564"]
[PlyCount "0"]
[EventDate "2022.08.27"]

1. e4 c5 2. Nf3 Nc6 3. d4 cxd4 4. Nxd4 g6 5. Nc3 Bg7 6. Be3 Nf6 7. f3 Qb6
8. Nf5 Qxb2 9. Nxg7+ Kd8 10. Na4 Qe5 11. Kf2 Ng8 12. Nb6 Rb8 13. Rb1 Qxg7
14. Nxc8 Kxc8 15. Bb5 Nf6 16. Qd2 b6 17. Bh6 Qg8 18. Bf4 e5 19. Bg5 Nh5 20. Qd6
Qe8 21. Ba6+ Rb7 22. Rhd1 Nd4 23. Qd5 1-0